000
00283nam a22001337a 4500
008
170307b xxu||||| |||| 00| 0 eng d
020
_a
9781435140653
041
_a
eng
080
_a
611
100
_a
6
101
_a
SHM
245
_a
30-SECOND ANATOMY
_c
FINN, G.M
942
_2
udc
_c
BK
999
_c
6987
_d
6987